00253 a2200109 450000100060000008200110000610000130001724500370003026000410006730000120010850000230012088461 aPR 676 aA Khaliq aProject Report on column testing aKarachibUniversity of Karachic1972 eM Islam aBE Project Reports